00781 a2200205 4500999001900000005001700019010001500036020002700051035001400078037001300092082001300105245007600118250000900194260008500203270008700288300002400375700001900399942003200418952012500450 c190725d19072520220803154936.0 aENG-134218 c1499.00a9789380077178 aEN-117750 bDBAD/PUB a891.5511 aShams-e-Tabrizi:cTranslated by Farida Maleki brumi's perfect teacher/ a2011 aNew Delhi bG.P.S. Bhalla, Secreatary, Science Of The Soul Research Centrec2011 aC/O Radha Soami Satsang Beas, 5 Guru Ravi Dass Marg, Pusa Road bNew Delhie110005 axvi;353p.c23cm(hb) aMaleki,Farida  adplcEN2ddch891.5511mSHA 001040708NFICaBNbBNd2022-08-03eDBAD/PUBg1499.00l0o891.5511 SHApEN-117750r2022-08-03 00:00:00t1v1499.00yEN